| 000 | 01185cam a22003134a 4500 | ||
|---|---|---|---|
| 999 |
_c17850 _d17822 |
||
| 003 | EG-ScBUE | ||
| 005 | 20210210111713.0 | ||
| 008 | 090510s2008 ua f f000 d ara d | ||
| 017 | _a2008/5635 | ||
| 020 | _a9770813532 | ||
| 040 |
_aEG-ScBUE _bara _erda _cEG-ScBUE _dEG-ScBUE |
||
| 082 | 0 | 4 |
_a892.736 _bم ح م _222 |
| 100 | 1 |
_aمحمود، مصطفى، _d1921-2009، _eمؤلف. _934614 |
|
| 245 | 1 | 2 |
_aالإنسان والظل : _bمسرحية من فصلين / _cالدكتور مصطفى محمود. |
| 250 | _aالطبعة الأولى. | ||
| 264 | 1 |
_aالقاهرة : _bمؤسسة أخبار اليوم، قطاع الثقافة، _c2008. |
|
| 300 |
_a88 صفحة ؛ _c20 سم. |
||
| 336 |
_2rdacontent _aنص _btxt |
||
| 337 |
_2rdamedia _aبدون وسيط _bn |
||
| 338 |
_2rdacarrier _aمجلد _bnc |
||
| 490 | 0 | _aالأعمال الكاملة | |
| 590 | _aBook for the road program. | ||
| 650 | 7 |
_aالمسرحيات العربية _zمصر _yقرن 21. _2BUEsh _934626 |
|
| 651 | _2BUEsh | ||
| 653 |
_cDecember2013 _bARALIT |
||
| 655 |
_vReading book _934232 |
||
| 800 | 1 |
_aمحمود، مصطفى. _tالأعمال الكاملة |
|
| 942 |
_2ddc _cBB _k812 م ح م |
||